000 00708nam a2200241Ia 4500
003 OSt
005 20220925234348.0
006 a|||||r|||| 00| 0
007 ta
008 220923b |||||||| |||| 00| 0 eng d
020 _a8177332856
037 _cGeneral Book
040 _aRTL
_cRTL
_beng
041 _2eng
_aeng
082 _aX729.2.N9, P6/TD
100 _aKumar Sanjeev
_9147669
245 0 _aBharat's systematic approach to indirect taxes with practical problems and solutions
250 _a6
260 _a New Delhi
_bBharat Law House India
_c2006
300 _a1072p.
_ccm.
942 _hX729.2.N9, P6/TD
_cGB
_2CC
999 _c595507
_d595507